00664nam a2200121Ia 4500008004100000100001900041245008700060260003900147440004300186650025000229650002200479856004100501171212s9999 xx 000 0 und d aEngstrom, Erik cEngstrom, ErikaPartisan Gerrymandering and the Construction of American Democracy bUniversity of Michigan Pressc2013 aLegislative Politics And Policy Making aGerrymandering -- United States; Apportionment (Election law) -- United States; Election districts -- United States; Voting -- United States; Representative government and representation -- United States; United States -- Politics and government aPolitical Science uhttp://jstor.org/stable/j.ctt1gk086k